Problemas de geografía humana (Registro nro. 3124)
[ vista simple ]
| 000 -LEADER | |
|---|---|
| fixed length control field | 01148 a2200205 4500 |
| 001 - CONTROL NUMBER | |
| control field | 39890 |
| 005 - DATE AND TIME OF LATEST TRANSACTION | |
| control field | 20260407155655.0 |
| 008 - FIXED-LENGTH DATA ELEMENTS--GENERAL INFORMATION | |
| fixed length control field | 260407a1956 arg spa d |
| 003 - CONTROL NUMBER IDENTIFIER | |
| control field | AR-UNSa-BCEJYS |
| 040 ## - CATALOGING SOURCE | |
| Original cataloging agency | AR-UNSa-BCEJYS |
| Language of cataloging | spa |
| Transcribing agency | AR-UNSa-BCEJYS |
| 080 ## - UNIVERSAL DECIMAL CLASSIFICATION NUMBER | |
| Universal Decimal Classification number | 911.3 |
| Common auxiliary subdivision | Geografía humana. Geografía de los factores culturales |
| 100 1# - MAIN ENTRY--PERSONAL NAME | |
| Personal name | Demangeon, Albert |
| 245 10 - TITLE STATEMENT | |
| Title | Problemas de geografía humana |
| 264 #1 - PRODUCTION, PUBLICATION, DISTRIBUTION, MANUFACTURE, AND COPYRIGHT NOTICE | |
| Place of production, publication, distribution, manufacture | Barcelona : |
| Name of producer, publisher, distributor, manufacturer | Omega |
| Date of production, publication, distribution, manufacture, or copyright notice | 1956 |
| 300 ## - PHYSICAL DESCRIPTION | |
| Extent | 230 p. |
| Dimensions | 21 cm. |
| 505 ## - FORMATTED CONTENTS NOTE | |
| Formatted contents note | Parte I: Geografía general : 1. Una definición de la geografía humana - 2. El problema de la superpoblación - 3. Problemas económicos: aspectos nuevos de la economía internacional - 4. Geografía del habitat rural - 5. Economía agrícola y poblamiento rural - 6. Ensayo de clasificación de las casas rurales - Parte II: La vivienda rural en Francia : 7. La vivienda rural en Francia, ensayo de clasificación de los tipos principales - 8. Problemas actuales y aspectos nuevos de la vida rural en Egipto - 9. Pesquería y puertos de pesca del mar del norte - |
| 590 ## - LOCAL NOTE (RLIN) | |
| Local note | niveau_biblio:m niveau_hierar:0 |
| 700 1# - ADDED ENTRY--PERSONAL NAME | |
| Personal name | Terán, Rocio de |
| 942 ## - ADDED ENTRY ELEMENTS (KOHA) | |
| Koha item type | |
| Withdrawn status | Lost status | Damaged status | Not for loan | Home library | Current library | Shelving location | Date acquired | Total checkouts | Full call number | Barcode | Date last seen | Price effective from | Koha item type |
|---|---|---|---|---|---|---|---|---|---|---|---|---|---|
| Biblioteca Prof. Eusebio Cleto del Rey | Biblioteca Prof. Eusebio Cleto del Rey | 07/04/2026 | 911.3 D371 | L20370 | 07/04/2026 | 07/04/2026 | Libro |